000 02864nam a22003257a 4500
003 OSt
005 20250613142219.0
007 cr ||||||a|c|a
008 240826s2023 mx ad||fom||| 001 0 spa d
040 _erda
100 1 _aValencia Luna, Hugo Enrique
_9189476
245 1 0 _aAzoxystrobin como ingrediente activo para el control de Fusarium oxysporum en agave tequilana Webwer var. azul /
_cpor Hugo Enrique Valencia Luna; presidente Jaime Alfredo Urzúa Gutierrez; secretario Calixto Leopoldo Carrillo Fonseca; vocal Marco Antonio Islas Herrera; suplente Candelario Santillan Ortega; suplente J. Antonio Tafoya Razo
264 1 _aChapingo, México :
_bEl autor,
_c2023.
300 _a1 recurso en línea (47 páginas):
_bIlustraciones, cuadros, gráficas
336 _2rdacontent
_atexto
_btxt
337 _2rdamedia
_acomputadora
_bc
338 _2rdacarrier
_arecurso en línea
_bcr
502 _bIAEPA
_cParasitología
_d2023
_gLIC
504 _aIncluye referencias bibliográficas: páginas 43-47
520 _aEl presente trabajo de realizó en los invernaderos del área de Malezas del Departamento de Parasitología Agrícola de la Universidad Autónoma Chapingo, Municipio de Texcoco, Estado de México con la finalidad de evaluar el control y efecto del ingrediente activo azoxystrobin sobre Fusarium oxysporum en Agave tequilana Weber var. Azul a diferentes dosis: 100, 200, 300 y 500 g de i.a./ ha. Las unidades experimentales son plantas de Agave tequilana Weber var. Azul de un año, con síntomas de marchitez y severidades grado 2 y 3. El diseño fue completamente al azar con 5 tratamientos y 8 repeticiones. Se realizaron dos aplicaciones de cada tratamiento con un lapso de 15 d entre cada una. Posteriormente se hicieron dos evaluaciones, la primera a los 15 d de la última aplicación del producto, y la segunda a los 5 d posteriores; las evaluaciones del control se realizaron en base a la característica de “falsa madurez de la piña” la cual consiste en una coloración amarillenta de la piña causada por la presencia del patógeno. No hubo diferencias significativas entre las dosis 300 y 500 g de i.a./ha, mostraron un control similar del patógeno; el tratamiento 5 correspondiente a 500 g de i.a / ha tuvo el mayor porcentaje de control.
650 2 _aFusarium oxysporum
_xControl
_9130783
650 0 _aAgave tequilana
_xPlagas
_9164537
700 1 _aUrzúa Gutiérrez, Jaime Alfredo
_9117018
_epresidente
700 1 _aCarrillo Fonseca, Calixto Leopoldo
_919482
_esecretario
700 1 _aIslas Herrera, Marco Antonio
_9189478
_evocal
700 1 _aSantillán Ortega, Candelario
_9102429
_esuplente
700 0 _aTafoya Razo, José Antonio
_esuplente
_9111341
856 _uhttp://10.13.5.2/tesis/tl/1512642-9_Valencia_Luna_Hugo_Enrique.pdf
_zDESCARGAR PDF
942 _2Clasificación Universidad Autónoma Chapingo
_cTD
999 _c220107
_d220107